Detalles MARC
| 000 -CABECERA |
| Longitud fija campo de control |
01415nam a2200385 i 4500 |
| 001 - NÚMERO DE CONTROL |
| Número de control |
44139 |
| 003 - IDENTIFICADOR DE NÚMERO DE CONTROL |
| Identificador del número de control |
ES-MaCES |
| 005 - FECHA Y HORA DE LA ÚLTIMA TRANSACCIÓN |
| Fecha y hora de la última transacción |
20150925133527.0 |
| 007 - PHYSICAL DESCRIPTION FIXED FIELD--GENERAL INFORMAT |
| Campo fijo de descripción física |
cr ||||||||||| |
| 008 - CAMPO FIJO DE DESCRIPCIÓN FIJA--INFORMACIÓN GENERAL |
| Códigos de información de longitud fija |
130605s2013 sp l o000 | spa d |
| 017 ## - NÚMERO DE REGISTRO DE DERECHOS DE AUTOR Y DEPÓSITO LEGAL |
| Número de copyright o de depósito legal |
M 19264-2013 |
| Agencia que asigna el número |
DL |
| 035 ## - NÚMERO DE CONTROL DEL SISTEMA |
| Número de control del sistema |
CES20130002563m |
| 040 ## - FUENTE DE CATALOGACIÓN |
| Centro catalogador de origen |
ES-MaCES |
| Lengua de catalogación |
spa |
| Centro transcriptor |
ES-MaCES |
| 110 2# - ENCABEZAMIENTO PRINCIPAL--NOMBRE CORPORATIVO |
| Nombre de entidad corporativa o nombre de jurisdicción como elemento inicial |
Consejo Económico y Social (España) |
| 9 (RLIN) |
2408 |
| 245 10 - MENCIÓN DE TÍTULO |
| Título |
Dictamen 6-2013 sobre el Anteproyecto de Ley de apoyo a los emprendedores y su internacionalización |
| Resto del título |
: Sesión ordinaria del Pleno, 10 de junio de 2013 |
| Mención de responsabilidad, etc. |
Consejo Económico y Social España |
| 260 ## - PUBLICACIÓN, DISTRIBUCIÓN, ETC (PIE DE IMPRENTA) |
| Lugar de publicación, distribución, etc. |
Madrid |
| Nombre del editor, distribuidor, etc. |
Consejo Económico y Social |
| Fecha de publicación, distribución, etc. |
2013 |
| 300 ## - DESCRIPCIÓN FÍSICA |
| Extensión |
16 p. |
| Dimensiones |
21 cm |
| Material anejo |
+ 1 documento pdf (63,6 kb) |
| 490 1# - MENCIÓN DE SERIE |
| Mención de serie |
Colección Dictámenes |
| Designación de volumen o secuencia |
6-2013 |
| 541 ## - NOTA DE LA FUENTE INMEDIANTE DE ADQUISICIÓN |
| Forma de adquisición |
Gratuito |
| 650 #4 - ASIENTO SECUNDARIO DE MATERIA--TÉRMINO DE MATERIA |
| Término de materia o nombre geográfico como elemento inicial |
empresario |
| 9 (RLIN) |
28188 |
| 650 #4 - ASIENTO SECUNDARIO DE MATERIA--TÉRMINO DE MATERIA |
| Término de materia o nombre geográfico como elemento inicial |
red de apoyo empresarial |
| 9 (RLIN) |
30593 |
| 650 #4 - ASIENTO SECUNDARIO DE MATERIA--TÉRMINO DE MATERIA |
| Término de materia o nombre geográfico como elemento inicial |
capacidad empresarial |
| 9 (RLIN) |
30588 |
| 650 #4 - ASIENTO SECUNDARIO DE MATERIA--TÉRMINO DE MATERIA |
| Término de materia o nombre geográfico como elemento inicial |
competitividad |
| 9 (RLIN) |
28270 |
| 650 #4 - ASIENTO SECUNDARIO DE MATERIA--TÉRMINO DE MATERIA |
| Término de materia o nombre geográfico como elemento inicial |
globalización económica |
| 9 (RLIN) |
30653 |
| 650 #4 - ASIENTO SECUNDARIO DE MATERIA--TÉRMINO DE MATERIA |
| Término de materia o nombre geográfico como elemento inicial |
España |
| 9 (RLIN) |
26964 |
| 650 #4 - ASIENTO SECUNDARIO DE MATERIA--TÉRMINO DE MATERIA |
| Término de materia o nombre geográfico como elemento inicial |
régimen jurídico |
| 9 (RLIN) |
29894 |
| 650 #4 - ASIENTO SECUNDARIO DE MATERIA--TÉRMINO DE MATERIA |
| Término de materia o nombre geográfico como elemento inicial |
dictamen |
| 9 (RLIN) |
30802 |
| 653 10 - TÉRMINO DE INDEXACIÓN--NO CONTROLADO |
| Término no controlado |
Empresa |
| 650 #4 - ASIENTO SECUNDARIO DE MATERIA--TÉRMINO DE MATERIA |
| 9 (RLIN) |
30601 |
| Término de materia o nombre geográfico como elemento inicial |
estrategia empresarial |
| 830 #0 - ENCABEZAMIENTO SECUNDARIO DE COLECCIÓN--TÍTULO UNIFORME |
| Título uniforme |
Colección Dictámenes (Consejo Económico y Social (España)) |
| Designación de volumen o secuencia |
6-3013 |
| 9 (RLIN) |
32521 |
| 856 4# - ACCESO ELECTRÓNICO |
| Identificador Uniforme del Recurso (URI) |
http://www.ces.es/documents/DIC/2013/06 |
| 902 ## - CES. TIPO DE DOCUMENTO |
| Tipodoc (006$c Sirtex) |
LIB Libro |
| 942 ## - ELEMENTOS KOHA |
| Fuente de clasificaión o esquema |
Clasificación propia del CES |
| Koha [por defecto] tipo de item |
Monografías |
| Parte de clasificación |
Economía |